000 00623cam a2200145 4500500
005 20260208005832.0
041 _afre
042 _adc
100 1 0 _aBrix, Michel
_eauthor
245 0 0 _aBARBARA SOSIEN, L’Homme romantique et l’espace : sous le signe d’Icare (Gautier et Nerval). Cracovie, Ksiegarnia Akademicka, 2004. Un vol. de 363 p.
260 _c2005.
500 _a81
786 0 _nRevue d'histoire littéraire de la France | 105 | 4 | 2005-10-01 | p. 1031e-1076e | 0035-2411
856 4 1 _uhttps://shs.cairn.info/revue-d-histoire-litteraire-de-la-france-2005-4-page-1031e?lang=fr&redirect-ssocas=7080
999 _c1654041
_d1654041